Financovanie udržateľného rozvoja: zelené financie a greenwashing

Udržateľné financovanie sa stáva kľúčovým prvkom pre napĺňanie cieľov Agendy 2030 v oblasti klimatických opatrení, energetickej transformácie a ochrany životného prostredia. Zelené financie ako jeho integrálna súčasť presúvajú kapitál do aktivít a projektov podporujúcich nízko uhlíkový rozvoj, čím p...

Full description

Saved in:
Bibliographic Details
Main Author: Bachura, Martin, 2000-
Format: Book Chapter
Language:Slovak
Subjects:
Tags: Add Tag
No Tags, Be the first to tag this record!

MARC

LEADER 00000naa$a2200000$$$4500
001 0313926
005 20260113083221.8
041 0 |a slo 
044 |a SK 
245 1 0 |a Financovanie udržateľného rozvoja: zelené financie a greenwashing  |c Martin Bachura 
520 |a Udržateľné financovanie sa stáva kľúčovým prvkom pre napĺňanie cieľov Agendy 2030 v oblasti klimatických opatrení, energetickej transformácie a ochrany životného prostredia. Zelené financie ako jeho integrálna súčasť presúvajú kapitál do aktivít a projektov podporujúcich nízko uhlíkový rozvoj, čím prispievajú k dosahovaniu cieľov SDG, najmä SDG 7 (Dostupná a čistá energia), SDG 9 (Priemysel, inovácie a infraštruktúra) a SDG 13 (Klimatické opatrenia). Spolu s rastúcim záujmom o udržateľné finančné produkty však vzniká aj riziko greenwashingu, ktorý môže narúšať dôveryhodnosť ESG reportingu a spomaľovať reálne plnenie cieľov udržateľného rozvoja. 
610 2 0 |a financovanie zelené 
610 2 0 |a financie udržateľné 
610 2 0 |a greenwashing 
610 2 0 |a ESG 
610 2 0 |a ochrana prostredia životného 
100 1 |a Bachura, Martin, 2000-